[Event "Warsaw Najdorf Memorial op-A 22nd"]
[Site "Warsaw"]
[Date "2025.07.15"]
[Round "8"]
[White "Swara, Lakshmi S Nair"]
[Black "Sujkowski, Pawel"]
[Result "1-0"]
[WhiteElo "2187"]
[BlackElo "2047"]
[PlyCount "73"]
[EventDate "2025.07.08"]
[EventType "swiss"]
[EventRounds "9"]
[EventCountry "POL"]
[SourceTitle "CB29_2025"]
[SourceDate "2025.07.16"]
[SourceVersion "1"]
[SourceVersionDate "2025.07.16"]
[SourceQuality "1"]

1. e4 e5 2. Nf3 Nc6 3. Bb5 a6 4. Ba4 Nf6 5. 0-0 Nxe4 6. d4 b5 7. Bb3 d5 8. dxe5 Be6 9. c3 Bc5 10. Nbd2 0-0 11. Bc2 Bf5 12. Nb3 Bg6 13. Nfd4 Bxd4 14. cxd4 f5 15. f3 Ng5 16. Nc5 Re8 17. Nb7 Qe7 18. Bb3 Bf7 19. Be3 Reb8 20. Qc1 Nxd4 21. Bxd4 Rxb7 22. Bc5 Qd8 23. Be3 f4 24. Bxf4 Ne6 25. Bg3 c5 26. f4 c4 27. Bd1 g6 28. f5 gxf5 29. Rxf5 Ng7 30. Rf6 Rb6 31. Qh6 Bg6 32. Bf3 Rab8 33. Rd1 d4 34. Rd6 Rxd6 35. exd6 Nf5 36. Bd5+ Kh8 37. Be5+ 1-0

[Event "Warsaw Najdorf Memorial op-A 22nd"]
[Site "Warsaw"]
[Date "2025.07.14"]
[Round "7"]
[White "Rzewucki, Jan"]
[Black "Swara, Lakshmi S Nair"]
[Result "1/2-1/2"]
[WhiteElo "2000"]
[BlackElo "2187"]
[PlyCount "94"]
[EventDate "2025.07.08"]
[EventType "swiss"]
[EventRounds "9"]
[EventCountry "POL"]
[SourceTitle "CB29_2025"]
[SourceDate "2025.07.16"]
[SourceVersion "1"]
[SourceVersionDate "2025.07.16"]
[SourceQuality "1"]

1. e4 c5 2. Nc3 Nc6 3. Nf3 d6 4. Bc4 Nf6 5. h3 e6 6. d4 cxd4 7. Nxd4 Bd7 8. Bb3 a6 9. Be3 b5 10. Nxc6 Bxc6 11. Qd4 Be7 12. a3 Qc7 13. 0-0 Qb7 14. f3 0-0 15. Ne2 e5 16. Qd2 d5 17. exd5 Nxd5 18. Bxd5 Bxd5 19. Nc3 Bc6 20. Qf2 f5 21. Bc5 Rf7 22. Bxe7 Rxe7 23. Rae1 a5 24. Qc5 Qa7 25. Qxa7 Raxa7 26. Rd1 Rad7 27. Rxd7 Rxd7 28. Rd1 Rxd1+ 29. Nxd1 Kf7 30. Kf2 Ke6 31. Ke3 g5 32. Nf2 h5 33. Kd3 Bd5 34. b3 b4 35. axb4 axb4 36. Ke3 f4+ 37. Ke2 Kd6 38. Nd3 e4 39. Nxb4 exf3+ 40. gxf3 Be6 41. h4 gxh4 42. Nd3 h3 43. Kf2 Bd5 44. Nxf4 h2 45. Kg2 Bxf3+ 46. Kxh2 Bd1 47. Nxh5 Ke5 1/2-1/2

[Event "Warsaw Najdorf Memorial op-A 22nd"]
[Site "Warsaw"]
[Date "2025.07.11"]
[Round "4"]
[White "Swara, Lakshmi S Nair"]
[Black "Rzeszowski, Dominik"]
[Result "1-0"]
[WhiteElo "2187"]
[BlackElo "2001"]
[PlyCount "65"]
[EventDate "2025.07.08"]
[EventType "swiss"]
[EventRounds "9"]
[EventCountry "POL"]
[SourceTitle "CB29_2025"]
[SourceDate "2025.07.16"]
[SourceVersion "1"]
[SourceVersionDate "2025.07.16"]
[SourceQuality "1"]

1. e4 c5 2. Nf3 e6 3. d4 cxd4 4. Nxd4 Nc6 5. Nc3 Qc7 6. f4 a6 7. Nxc6 bxc6 8. Bd3 d5 9. 0-0 Nf6 10. Qf3 Be7 11. b3 Bb7 12. Bb2 0-0 13. Qh3 dxe4 14. Nxe4 Nxe4 15. Bxe4 f5 16. Bd3 Bf6 17. c3 c5 18. Rae1 Rae8 19. Rf2 g6 20. Bc4 Qd6 21. Rfe2 Be4 22. Qe3 Kg7 23. Ba3 Rc8 24. Rd2 Qc6 25. Red1 Rfd8 26. Rxd8 Rxd8 27. Rxd8 Bxd8 28. Bxc5 Bxg2 29. Bd4+ Kh6 30. Be2 Bh4 31. Qe5 Qb7 32. Qh8 Bh1 33. Qf8+ 1-0

[Event "Kiel op"]
[Site "Kiel"]
[Date "2025.07.01"]
[Round "3"]
[White "Nowak, Lukasz1"]
[Black "Swara, Lakshmi S Nair"]
[Result "1/2-1/2"]
[WhiteElo "2300"]
[BlackElo "2187"]
[PlyCount "128"]
[EventDate "2025.06.30"]
[EventType "swiss"]
[EventRounds "9"]
[EventCountry "GER"]
[SourceTitle "CB28_2025"]
[SourceDate "2025.07.09"]
[SourceVersion "1"]
[SourceVersionDate "2025.07.09"]
[SourceQuality "1"]

1. c4 g6 2. g3 c6 3. Bg2 d5 4. cxd5 cxd5 5. Qb3 Nf6 6. Nc3 e6 7. d4 Nc6 8. Nf3 h5 9. Bf4 Bd6 10. 0-0 Bxf4 11. gxf4 0-0 12. Rac1 b6 13. Rfd1 Bb7 14. Ne5 Rc8 15. Qa3 a6 16. Na4 Ne4 17. f3 Nd6 18. e3 Nxe5 19. dxe5 Nc4 20. Qd3 b5 21. b3 bxa4 22. bxc4 dxc4 23. Qxd8 Rfxd8 24. Rxd8+ Rxd8 25. Rxc4 Rd1+ 26. Bf1 Bxf3 27. Kf2 Bd5 28. Rxa4 Rd2+ 29. Kg1 Rxa2 30. Rxa2 Bxa2 31. Bxa6 f6 32. exf6 Kf7 33. Bd3 h4 34. Kf2 Kxf6 35. Kf3 g5 36. Kg4 gxf4 37. Kxf4 h3 38. Kg4 Bd5 39. Kxh3 Kg5 40. Kg3 e5 41. h4+ Kh5 42. Be2+ Kg6 43. Bg4 Be4 44. Kf2 Kf6 45. Ke2 Ke7 46. Kd2 Kd6 47. Kc3 Kc5 48. Bh5 Kd5 49. Bf7+ Kd6 50. h5 Ke7 51. Bg6 Bxg6 52. hxg6 Kf6 53. e4 Kxg6 54. Kc4 Kg5 55. Kc5 Kf6 56. Kd6 Kf7 57. Kd7 Kf6 58. Kd6 Kf7 59. Kxe5 Ke7 60. Kf5 Kf7 61. e5 Ke7 62. e6 Ke8 63. Kf6 Kf8 64. e7+ Ke8 1/2-1/2

[Event "Titled Tuesday intern op 03rd Jan Late"]
[Site "Chess.com INT"]
[Date "2025.06.03"]
[Round "2"]
[White "Harvey, Marcus Ross"]
[Black "Swara, Lakshmi S Nair"]
[Result "1-0"]
[WhiteElo "2447"]
[BlackElo "2178"]
[PlyCount "47"]
[EventDate "2025.06.03"]
[EventType "swiss (blitz)"]
[EventRounds "11"]
[EventCountry "USA"]
[SourceTitle "CB24_2025"]
[SourceDate "2025.06.11"]
[SourceVersion "1"]
[SourceVersionDate "2025.06.11"]
[SourceQuality "1"]

1. c4 g6 2. Nf3 Nf6 3. h4 d5 4. cxd5 Nxd5 5. h5 Bg7 6. h6 Bf6 7. e4 Nb4 8. a3 Nd3+ 9. Bxd3 Qxd3 10. e5 Qe4+ 11. Qe2 Qxe2+ 12. Kxe2 Nc6 13. exf6 exf6 14. d3 Bg4 15. Be3 0-0-0 16. Nc3 Rhe8 17. Rhd1 Ne5 18. Ne4 Nxd3 19. Nxf6 Nf4+ 20. Kf1 Rxd1+ 21. Rxd1 Re6 22. Nxg4 Nh5 23. Ng5 f5 24. Nxe6 1-0

[Event "Titled Tuesday intern op 03rd Jan Late"]
[Site "Chess.com INT"]
[Date "2025.06.03"]
[Round "5"]
[White "Jasinski, Alexander"]
[Black "Swara, Lakshmi S Nair"]
[Result "1-0"]
[WhiteElo "1964"]
[BlackElo "2178"]
[PlyCount "57"]
[EventDate "2025.06.03"]
[EventType "swiss (blitz)"]
[EventRounds "11"]
[EventCountry "USA"]
[SourceTitle "CB24_2025"]
[SourceDate "2025.06.11"]
[SourceVersion "1"]
[SourceVersionDate "2025.06.11"]
[SourceQuality "1"]

1. e4 c5 2. Nf3 d6 3. Bb5+ Bd7 4. Bxd7+ Qxd7 5. c4 Nc6 6. d4 Nf6 7. Nc3 cxd4 8. Nxd4 g6 9. b3 Bg7 10. Bb2 0-0 11. 0-0 a6 12. Re1 b5 13. Nxc6 Qxc6 14. Nd5 Nxd5 15. exd5 Qd7 16. Bxg7 Kxg7 17. Qd4+ f6 18. Re4 bxc4 19. Rae1 Rf7 20. bxc4 Rb8 21. h4 h5 22. Re6 Qc7 23. g3 Rb4 24. R1e4 Rb1+ 25. Kg2 Qa5 26. Rxe7 Qxa2 27. Rxf7+ Kxf7 28. Qa7+ Kg8 29. Re8# 1-0

[Event "Titled Tuesday intern op 03rd Jan Late"]
[Site "Chess.com INT"]
[Date "2025.06.03"]
[Round "7"]
[White "Jaskolka, Tomasz"]
[Black "Swara, Lakshmi S Nair"]
[Result "0-1"]
[WhiteElo "2200"]
[BlackElo "2178"]
[PlyCount "68"]
[EventDate "2025.06.03"]
[EventType "swiss (blitz)"]
[EventRounds "11"]
[EventCountry "USA"]
[SourceTitle "CB24_2025"]
[SourceDate "2025.06.11"]
[SourceVersion "1"]
[SourceVersionDate "2025.06.11"]
[SourceQuality "1"]

1. e4 c5 2. Nf3 d6 3. Bb5+ Bd7 4. a4 Nc6 5. 0-0 Nf6 6. d4 cxd4 7. Nxd4 e6 8. Nc3 Be7 9. Be3 0-0 10. f4 a6 11. Bxc6 bxc6 12. e5 Nd5 13. Nxd5 cxd5 14. c3 dxe5 15. fxe5 Qb8 16. Qd2 Qxe5 17. Bf4 Qh5 18. Rae1 Bf6 19. a5 e5 20. Ne2 exf4 21. Nxf4 Qh6 22. Qxd5 Rad8 23. Qb7 Bb5 24. Rf3 Rfe8 25. Rxe8+ Rxe8 26. h3 Bg5 27. Nd5 Qe6 28. Nc7 Qe1+ 29. Kh2 Qe5+ 30. Kg1 Qc5+ 31. Kh2 Qd6+ 32. Kg1 Re1+ 33. Kf2 Bh4+ 34. Rg3 Qxg3# 0-1

[Event "Titled Tuesday intern op 03rd Jan Late"]
[Site "Chess.com INT"]
[Date "2025.06.03"]
[Round "3"]
[White "Swara, Lakshmi S Nair"]
[Black "Montano Vicente, Guadalupe"]
[Result "1-0"]
[WhiteElo "2178"]
[BlackElo "1940"]
[PlyCount "93"]
[EventDate "2025.06.03"]
[EventType "swiss (blitz)"]
[EventRounds "11"]
[EventCountry "USA"]
[SourceTitle "CB24_2025"]
[SourceDate "2025.06.11"]
[SourceVersion "1"]
[SourceVersionDate "2025.06.11"]
[SourceQuality "1"]

1. e4 c5 2. Nf3 d6 3. d4 cxd4 4. Nxd4 Nf6 5. Nc3 a6 6. h3 e6 7. g4 Nfd7 8. Bg2 Be7 9. Be3 Qc7 10. Qe2 Nc6 11. 0-0-0 Rb8 12. f4 Na5 13. f5 Ne5 14. fxe6 fxe6 15. Rhf1 b5 16. Nf3 Nac4 17. Nxe5 Nxe5 18. Bd4 b4 19. Nb1 Bb7 20. Nd2 Rc8 21. Nb3 Rf8 22. Rxf8+ Bxf8 23. g5 Be7 24. Kb1 Kf8 25. Rd2 Bxg5 26. Qf1+ Bf6 27. Bxe5 dxe5 28. Qd1 Ke7 29. Qe2 Rd8 30. Rxd8 Kxd8 31. Bf3 Ke7 32. Bg4 Bc8 33. Nc1 a5 34. Nd3 Bd7 35. b3 Bb5 36. Qd2 Qd6 37. Be2 Bc6 38. Qe3 h6 39. Qa7+ Qd7 40. Qxa5 Kf7 41. Qxb4 Bb5 42. a4 Bxd3 43. Bxd3 g5 44. a5 h5 45. a6 g4 46. hxg4 hxg4 47. Qb7 1-0

[Event "Titled Tuesday intern op 06th May Early"]
[Site "Chess.com INT"]
[Date "2025.05.06"]
[Round "2"]
[White "Arencibia Monduy, Antonio"]
[Black "Swara, Lakshmi S Nair"]
[Result "1-0"]
[WhiteElo "2115"]
[BlackElo "2178"]
[PlyCount "43"]
[EventDate "2025.05.06"]
[EventType "swiss (blitz)"]
[EventRounds "11"]
[EventCountry "USA"]
[SourceTitle "CB20_2025"]
[SourceDate "2025.05.14"]
[SourceVersion "1"]
[SourceVersionDate "2025.05.14"]
[SourceQuality "1"]

1. e4 c5 2. Bc4 Nc6 3. d3 Nf6 4. Nf3 d6 5. c3 e6 6. Bb3 Be7 7. Qe2 0-0 8. 0-0 b6 9. Re1 Bb7 10. Nbd2 d5 11. Nf1 Re8 12. Ng3 c4 13. dxc4 dxe4 14. Nxe4 Nxe4 15. Qxe4 Na5 16. Qg4 Rc8 17. Bh6 Bf6 18. Rad1 Qc7 19. Bf4 Qc6 20. Ne5 Bxe5 21. Bxe5 Nxc4 22. Qxg7# 1-0

[Event "Titled Tuesday intern op 06th May Early"]
[Site "Chess.com INT"]
[Date "2025.05.06"]
[Round "5"]
[White "Derlich, Sarah Sima"]
[Black "Swara, Lakshmi S Nair"]
[Result "0-1"]
[WhiteElo "1926"]
[BlackElo "2178"]
[PlyCount "68"]
[EventDate "2025.05.06"]
[EventType "swiss (blitz)"]
[EventRounds "11"]
[EventCountry "USA"]
[SourceTitle "CB20_2025"]
[SourceDate "2025.05.14"]
[SourceVersion "1"]
[SourceVersionDate "2025.05.14"]
[SourceQuality "1"]

1. e4 c5 2. Nf3 d6 3. d4 cxd4 4. Nxd4 Nf6 5. Nc3 Nc6 6. Bg5 e6 7. Qd2 a6 8. Nxc6 bxc6 9. 0-0-0 Be7 10. h4 Bb7 11. Kb1 Qa5 12. f4 0-0-0 13. Qe3 Kb8 14. Be2 Rhe8 15. Bf3 h6 16. Bxf6 Bxf6 17. e5 dxe5 18. Ne4 exf4 19. Qxf4+ Qe5 20. Qxe5+ Bxe5 21. Nc5 Bc8 22. Bxc6 Rf8 23. a4 Kc7 24. Bf3 Bd6 25. Ne4 Be7 26. c3 Bb7 27. b4 Bc6 28. a5 f5 29. Ng3 Bf6 30. Kb2 Bb5 31. Ne2 Ba4 32. Rxd8 Rxd8 33. Kc1 Bb5 34. g3 Rd3 0-1

[Event "Titled Tuesday intern op 06th May Early"]
[Site "Chess.com INT"]
[Date "2025.05.06"]
[Round "9"]
[White "Mikhaylova, Irina"]
[Black "Swara, Lakshmi S Nair"]
[Result "1/2-1/2"]
[WhiteElo "2143"]
[BlackElo "2178"]
[PlyCount "100"]
[EventDate "2025.05.06"]
[EventType "swiss (blitz)"]
[EventRounds "11"]
[EventCountry "USA"]
[SourceTitle "CB20_2025"]
[SourceDate "2025.05.14"]
[SourceVersion "1"]
[SourceVersionDate "2025.05.14"]
[SourceQuality "1"]

1. d4 Nf6 2. Nf3 g6 3. c4 Bg7 4. Nc3 d5 5. cxd5 Nxd5 6. e4 Nxc3 7. bxc3 c5 8. Bb5+ Nc6 9. 0-0 0-0 10. Bxc6 bxc6 11. Qc2 Bg4 12. Ne5 Bd7 13. Be3 cxd4 14. cxd4 Rc8 15. Rac1 Qe8 16. f4 Be6 17. Nxc6 f5 18. d5 Bd7 19. e5 e6 20. Qc5 Rf7 21. Qa5 exd5 22. Nd4 Be6 23. Rxc8 Qxc8 24. Rc1 Qd7 25. Qa6 Re7 26. Rc6 Bf7 27. Qc8+ Qxc8 28. Rxc8+ Re8 29. Rxe8+ Bxe8 30. Kf2 Kf7 31. Ke2 Bf8 32. Kd2 Bb4+ 33. Kd3 Ke7 34. Bd2 Bc5 35. Be3 Bxd4 36. Bxd4 Bb5+ 37. Kc3 Bc4 38. Kb4 Bxa2 39. Bxa7 Ke6 40. Bd4 Bc4 41. Kc5 h6 42. g3 g5 43. Be3 gxf4 44. Bxf4 h5 45. Kd4 Be2 46. Be3 Bf3 47. Bf4 Be4 48. Be3 Bf3 49. Bf4 Be4 50. Be3 Bf3 1/2-1/2

[Event "Titled Tuesday intern op 06th May Early"]
[Site "Chess.com INT"]
[Date "2025.05.06"]
[Round "6"]
[White "Swara, Lakshmi S Nair"]
[Black "Zaw, Ye Htut"]
[Result "1-0"]
[WhiteElo "2178"]
[BlackElo "2180"]
[PlyCount "67"]
[EventDate "2025.05.06"]
[EventType "swiss (blitz)"]
[EventRounds "11"]
[EventCountry "USA"]
[SourceTitle "CB20_2025"]
[SourceDate "2025.05.14"]
[SourceVersion "1"]
[SourceVersionDate "2025.05.14"]
[SourceQuality "1"]

1. e4 d5 2. exd5 Qxd5 3. Nf3 Nf6 4. Be2 Nc6 5. d4 Bg4 6. 0-0 0-0-0 7. Be3 Qf5 8. c4 e5 9. d5 e4 10. Nfd2 Bxe2 11. Qxe2 Ne5 12. Nc3 a6 13. b4 Neg4 14. Bd4 Bd6 15. h3 Qf4 16. g3 Qg5 17. Ndxe4 Qh5 18. Nxf6 Nxf6 19. Qxh5 Nxh5 20. c5 Be7 21. Rfd1 Nf6 22. Be5 Nd7 23. Bxg7 Rhg8 24. Bh6 Rg6 25. Bf4 Bf6 26. Rac1 Ne5 27. Ne4 Nf3+ 28. Kg2 Nh4+ 29. Kf1 Nf3 30. c6 Re8 31. cxb7+ Kxb7 32. Rxc7+ Kb6 33. Rc6+ Kb7 34. Nxf6 1-0

[Event "Sardinia World op-A"]
[Site "Orosei"]
[Date "2025.05.03"]
[Round "9"]
[White "Van der Lende, Ilias"]
[Black "Swara, Lakshmi S Nair"]
[Result "1-0"]
[WhiteElo "2410"]
[BlackElo "2216"]
[PlyCount "87"]
[EventDate "2025.04.27"]
[EventType "swiss"]
[EventRounds "9"]
[EventCountry "ITA"]
[SourceTitle "CB19_2025"]
[SourceDate "2025.05.07"]
[SourceVersion "1"]
[SourceVersionDate "2025.05.07"]
[SourceQuality "1"]

1. d4 Nf6 2. Nf3 g6 3. c4 Bg7 4. g3 c6 5. Bg2 d5 6. Qb3 dxc4 7. Qxc4 0-0 8. Nc3 Bf5 9. 0-0 Nbd7 10. Re1 Ne4 11. Be3 Nxc3 12. bxc3 Be4 13. Qb3 Qb6 14. Qa3 Rfe8 15. Bh3 Bxf3 16. Bxd7 Red8 17. Bh3 Bd5 18. Rab1 Qc7 19. Bf4 e5 20. dxe5 Bxe5 21. Bxe5 Qxe5 22. e4 Bc4 23. Rxb7 Rd2 24. Qb4 Bxa2 25. Bg4 a5 26. Qa3 Qg5 27. Qc1 Rad8 28. Rd7 h6 29. h4 Qxg4 30. Rxd2 Rxd2 31. Qxd2 Be6 32. Qxh6 a4 33. Rb1 Bb3 34. Qe3 a3 35. Qc1 Bc4 36. Qf4 a2 37. Rb8+ Kh7 38. Qxg4 a1Q+ 39. Kh2 Be6 40. Qf3 Qf1 41. Qf6 Qh3+ 42. Kg1 Bc8 43. Qxf7+ Kh6 44. Qf8+ 1-0

[Event "Sardinia World op-A"]
[Site "Orosei"]
[Date "2025.05.01"]
[Round "7"]
[White "Swara, Lakshmi S Nair"]
[Black "Yaniv, Yuval"]
[Result "0-1"]
[WhiteElo "2216"]
[BlackElo "2407"]
[PlyCount "114"]
[EventDate "2025.04.27"]
[EventType "swiss"]
[EventRounds "9"]
[EventCountry "ITA"]
[SourceTitle "CB19_2025"]
[SourceDate "2025.05.07"]
[SourceVersion "1"]
[SourceVersionDate "2025.05.07"]
[SourceQuality "1"]

1. e4 c5 2. Nf3 d6 3. d4 cxd4 4. Qxd4 Nc6 5. Qe3 g6 6. Be2 Bg4 7. 0-0 Bg7 8. c4 Qb6 9. Qd2 Bxf3 10. Bxf3 Nd4 11. Bd1 Rc8 12. Ba4+ Kf8 13. Na3 Nf6 14. Qd3 Ng4 15. Bd1 Ne5 16. Qh3 e6 17. Bb3 Ne2+ 18. Kh1 Nxc1 19. Raxc1 Nd7 20. Rcd1 Nc5 21. Nb5 Rd8 22. Qh4 h6 23. Rfe1 a6 24. Nc3 g5 25. Qg3 Nxb3 26. Na4 Qb4 27. axb3 b5 28. cxb5 axb5 29. Nc3 Be5 30. Qd3 Qxb3 31. Qxb5 Rb8 32. Qd3 Kg7 33. Rb1 Rhc8 34. g3 Qc4 35. Qe3 Bxc3 36. bxc3 Rxb1 37. Rxb1 Qxc3 38. Qxc3+ Rxc3 39. Rd1 Rc6 40. f3 Kf6 41. Rd2 Ke5 42. Kg2 Rc3 43. Kf2 h5 44. Ra2 g4 45. Ra5+ d5 46. fxg4 hxg4 47. exd5 exd5 48. Ra4 d4 49. Ra7 Rc2+ 50. Ke1 f5 51. Re7+ Kd5 52. Rh7 d3 53. Rd7+ Ke4 54. Re7+ Kf3 55. Rd7 Re2+ 56. Kf1 Rf2+ 57. Kg1 Rd2 0-1

[Event "Sardinia World op-A"]
[Site "Orosei"]
[Date "2025.04.28"]
[Round "3"]
[White "Duraccio, Walter Mattia"]
[Black "Swara, Lakshmi S Nair"]
[Result "0-1"]
[WhiteElo "2020"]
[BlackElo "2216"]
[PlyCount "84"]
[EventDate "2025.04.27"]
[EventType "swiss"]
[EventRounds "9"]
[EventCountry "ITA"]
[SourceTitle "CB19_2025"]
[SourceDate "2025.05.07"]
[SourceVersion "1"]
[SourceVersionDate "2025.05.07"]
[SourceQuality "1"]

1. c4 g6 2. g3 c6 3. Bg2 d5 4. d4 Nf6 5. Nf3 Bg7 6. 0-0 0-0 7. Ne5 Bf5 8. Nc3 dxc4 9. Nxc4 Be6 10. b3 Nd5 11. Ne4 Nb6 12. Na5 Bc8 13. Bb2 Na4 14. bxa4 Qxa5 15. Bc3 Qh5 16. a5 Na6 17. Rb1 Rb8 18. Qd2 Rd8 19. Qe3 Bh3 20. Bxh3 Qxh3 21. Ng5 Qd7 22. Rfd1 Nc7 23. Qf3 Qd5 24. Qf4 Nb5 25. e4 Nxc3 26. Qxb8 Rxb8 27. exd5 cxd5 28. Nf3 Nxd1 29. Rxd1 Rc8 30. Rb1 Rc7 31. Kf1 e6 32. Rb2 Kf8 33. Ke2 Ke7 34. Kd3 Kd6 35. Nd2 f6 36. f4 Kd7 37. Rb5 Bf8 38. Rb1 Bd6 39. Rb3 Kc8 40. Rb1 Rc6 41. Re1 Bb4 42. Re2 Rc3# 0-1

[Event "Titled Tuesday intern op 25th Mar Early"]
[Site "Chess.com INT"]
[Date "2025.03.25"]
[Round "5"]
[White "Danila, Tudor Gabriel"]
[Black "Swara, Lakshmi S Nair"]
[Result "0-1"]
[WhiteElo "2178"]
[BlackElo "2216"]
[PlyCount "72"]
[EventDate "2025.03.25"]
[EventType "swiss (blitz)"]
[EventRounds "11"]
[EventCountry "USA"]
[SourceTitle "CB14_2025"]
[SourceDate "2024.11.01"]
[SourceVersion "1"]
[SourceVersionDate "2024.11.01"]
[SourceQuality "1"]

1. e4 c5 2. c3 d5 3. exd5 Qxd5 4. d4 Nf6 5. Nf3 e6 6. a3 cxd4 7. cxd4 Be7 8. Nc3 Qd8 9. Be3 0-0 10. Bd3 Nc6 11. 0-0 b6 12. Qe2 Bb7 13. Rad1 Rc8 14. Rfe1 Re8 15. Bb1 g6 16. Ne5 Nd5 17. Bc1 Nxe5 18. dxe5 Rxc3 19. bxc3 Nxc3 20. Qc2 Nxd1 21. Rxd1 Qc8 22. Qe2 Rd8 23. Re1 Qc6 24. Qg4 Qc3 25. Qe2 Bxa3 26. Bg5 Rc8 27. h4 Ba6 28. Qe4 Bb7 29. Qe2 Qc6 30. Qg4 Bf8 31. h5 Qc4 32. Qg3 Qc3 33. Qh4 Qxe1+ 34. Kh2 Qxb1 35. hxg6 Qxg6 36. Bf6 Qxg2# 0-1

[Event "Titled Tuesday intern op 25th Mar Early"]
[Site "Chess.com INT"]
[Date "2025.03.25"]
[Round "7"]
[White "Olund, Joar"]
[Black "Swara, Lakshmi S Nair"]
[Result "0-1"]
[WhiteElo "2352"]
[BlackElo "2216"]
[PlyCount "96"]
[EventDate "2025.03.25"]
[EventType "swiss (blitz)"]
[EventRounds "11"]
[EventCountry "USA"]
[SourceTitle "CB14_2025"]
[SourceDate "2024.11.01"]
[SourceVersion "1"]
[SourceVersionDate "2024.11.01"]
[SourceQuality "1"]

1. d4 Nf6 2. Bg5 g6 3. Bxf6 exf6 4. c4 f5 5. Nc3 Bg7 6. e3 0-0 7. g3 d6 8. Bg2 Nc6 9. Nge2 Bd7 10. Nd5 Re8 11. h4 Be6 12. Kf1 Ne7 13. Nxe7+ Qxe7 14. Nf4 Bxc4+ 15. Kg1 c6 16. b3 Be6 17. h5 Rad8 18. Rc1 Bd7 19. b4 Rc8 20. a4 b6 21. Qb3 c5 22. hxg6 hxg6 23. dxc5 dxc5 24. Nxg6 Qe6 25. Qxe6 Bxe6 26. Nf4 cxb4 27. Kh2 b3 28. Nxe6 fxe6 29. Bb7 Rxc1 30. Rxc1 b2 31. Rb1 Re7 32. Ba6 Rc7 33. Kg2 Kf7 34. Bd3 Rc3 35. Be2 Ra3 36. Bb5 Ra1 37. Bd3 Rxa4 38. Kf3 a5 39. Ke2 Ra1 40. f3 a4 41. Kd2 a3 42. Kc2 a2 43. Rxb2 Bxb2 44. Kxb2 Rd1 45. Kxa2 Rxd3 46. e4 Rxf3 47. exf5 exf5 48. Kb2 Rxg3 0-1

[Event "Titled Tuesday intern op 25th Mar Early"]
[Site "Chess.com INT"]
[Date "2025.03.25"]
[Round "11"]
[White "Swara, Lakshmi S Nair"]
[Black "Barwinska, Ewa"]
[Result "0-1"]
[WhiteElo "2216"]
[BlackElo "2017"]
[PlyCount "22"]
[EventDate "2025.03.25"]
[EventType "swiss (blitz)"]
[EventRounds "11"]
[EventCountry "USA"]
[SourceTitle "CB14_2025"]
[SourceDate "2024.11.01"]
[SourceVersion "1"]
[SourceVersionDate "2024.11.01"]
[SourceQuality "1"]

1. e4 c5 2. Nf3 d6 3. d4 cxd4 4. Qxd4 Nc6 5. Qe3 Bg4 6. Be2 Nf6 7. 0-0 g6 8. c4 Bg7 9. Nc3 0-0 10. h3 Bxf3 11. Qd4 Nxd4 0-1

[Event "Titled Tuesday intern op 04th Mar Early"]
[Site "Chess.com INT"]
[Date "2025.03.04"]
[Round "5"]
[White "Swara, Lakshmi S Nair"]
[Black "Marra, Eduardo da Costa"]
[Result "0-1"]
[WhiteElo "2216"]
[BlackElo "2223"]
[PlyCount "98"]
[EventDate "2025.03.04"]
[EventType "swiss (blitz)"]
[EventRounds "11"]
[EventCountry "USA"]
[SourceTitle "CB11_2025"]
[SourceDate "2025.03.12"]
[SourceVersion "1"]
[SourceVersionDate "2025.03.12"]
[SourceQuality "1"]

1. e4 c5 2. Nf3 e6 3. d4 cxd4 4. Nxd4 Nf6 5. Nc3 Nc6 6. Ndb5 Bc5 7. Nd6+ Ke7 8. Bf4 e5 9. Nf5+ Kf8 10. Bg5 d6 11. Bc4 h6 12. Bxf6 Qxf6 13. Nd5 Qd8 14. Nfe3 g6 15. c3 a6 16. 0-0 Kg7 17. a4 Rf8 18. Kh1 Be6 19. f4 exf4 20. Nxf4 Bxe3 21. Nxe6+ fxe6 22. Rxf8 Qxf8 23. Bxe6 Qe7 24. Bd5 Rf8 25. Qd3 Bf4 26. g3 Be5 27. Kg2 Qf6 28. Qe3 Nd8 29. Bc4 h5 30. Rf1 Qe7 31. Rd1 Rf6 32. b4 h4 33. b5 axb5 34. axb5 hxg3 35. hxg3 Rf8 36. Rh1 g5 37. Qe2 Qf6 38. Qe3 Rh8 39. Rf1 Qh6 40. Qb6 Qh2+ 41. Kf3 Qxg3+ 42. Ke2 Rh2+ 43. Kd1 Qg4+ 44. Kc1 Bf4+ 45. Kb1 Qd7 46. Rd1 Nf7 47. Bxf7 Qxf7 48. Rd5 Be5 49. Qd8 Qf1+ 0-1